Laser and Light (Record no. 4293)

MARC details
000 -LEADER
fixed length control field 00513nam a2200193Ia 4500
003 - CONTROL NUMBER IDENTIFIER
control field IN-BaIIA
008 - FIXED-LENGTH DATA ELEMENTS--GENERAL INFORMATION
fixed length control field 211028s9999 xx 000 0 eng d
020 ## - INTERNATIONAL STANDARD BOOK NUMBER
International Standard Book Number 7167-0985-6
040 ## - CATALOGING SOURCE
Transcribing agency IIA Library
080 ## - UNIVERSAL DECIMAL CLASSIFICATION NUMBER
Universal Decimal Classification number 535.215.2
Item number SCH
100 ## - MAIN ENTRY--PERSONAL NAME
Personal name Schawlow, Arthur L
9 (RLIN) 7551
245 #0 - TITLE STATEMENT
Title Laser and Light
Statement of responsibility, etc. Arthur L. Schawlow
260 ## - PUBLICATION, DISTRIBUTION, ETC.
Place of publication, distribution, etc. San Francisco,
Name of publisher, distributor, etc. W. H. Freeman
Date of publication, distribution, etc. 1969
300 ## - PHYSICAL DESCRIPTION
Extent vi,374p.
490 ## - SERIES STATEMENT
Series statement Readings from Scientific American
650 ## - SUBJECT ADDED ENTRY--TOPICAL TERM
Topical term or geographic name entry element Lasers
9 (RLIN) 3580
650 ## - SUBJECT ADDED ENTRY--TOPICAL TERM
Topical term or geographic name entry element NASA Thesaurus
942 ## - ADDED ENTRY ELEMENTS (KOHA)
Koha item type Books
Holdings
Withdrawn status Lost status Damaged status Not for loan Home library Current library Shelving location Date acquired Cost, normal purchase price Total Checkouts Full call number Barcode Date last seen Cost, replacement price Price effective from Koha item type Purchase Price
        IIA Library-Bangalore IIA Library-Bangalore General Stacks 10/09/1973 64.80   535.215.2/ SCH 4792 05/11/2021 64.80 10/09/1973 Books Rs. 64.80

Powered by Koha